[Event "16th Biel Festival"]
[Site "Biel SUI"]
[Date "1983.07.17"]
[Round "1"]
[White "Gheorghiu, Florin"]
[Black "Campora, Daniel Hugo"]
[Result "1/2-1/2"]
[WhiteElo "2475"]
[BlackElo "2485"]
[EventDate "1983.07.17"]
[PlyCount "36"]

1.d4 d5 2.c4 c6 3.Nf3 Nf6 4.cxd5 cxd5 5.Nc3 e6 6.Bf4 Bd6 7.Bg3 Nc6 8.e3 
O-O 9.Bd3 Be7 10.Ne5 Nd7 11.Nxd7 Bxd7 12.O-O Rc8 13.Rc1 a6 14.Qe2 g6 15.
Rfd1 Re8 16.Nb1 Qb6 17.h3 Na5 18.e4 Bg5 1/2-1/2

[Event "16th Biel Festival"]
[Site "Biel SUI"]
[Date "1983.07.17"]
[Round "1"]
[White "Meduna, Eduard"]
[Black "Toth, Bela"]
[Result "1-0"]
[WhiteElo "2465"]
[BlackElo "2400"]
[EventDate "1983.07.17"]
[PlyCount "61"]

1.d4 Nf6 2.c4 e6 3.Nf3 d5 4.Nc3 Nbd7 5.cxd5 exd5 6.Bg5 Be7 7.e3 O-O 8.Bd3 
Re8 9.O-O c6 10.Qc2 Nf8 11.a3 Bd6 12.h3 Ng6 13.Rfe1 Be6 14.e4 dxe4 15.Nxe4
Be7 16.Nc3 Nd5 17.Bxe7 Rxe7 18.Ng5 Ndf4 19.Bxg6 hxg6 20.Qd2 Qd6 21.Re5 f6 
22.Qxf4 fxe5 23.dxe5 Qd3 24.Nce4 Qe2 25.f3 Bd5 26.Qh4 Qe3+ 27.Kh1 Qb3 28.
Qh7+ Kf8 29.Qh8+ Bg8 30.e6 Rxe6 31.Nc5 1-0

[Event "16th Biel Festival"]
[Site "Biel SUI"]
[Date "1983.07.17"]
[Round "1"]
[White "Nemet, Ivan"]
[Black "Gobet, Fernand"]
[Result "0-1"]
[WhiteElo "2395"]
[BlackElo "2415"]
[EventDate "1983.07.17"]
[PlyCount "186"]

1.d4 Nf6 2.Nf3 e6 3.c4 c5 4.d5 exd5 5.cxd5 d6 6.Nc3 g6 7.e4 Bg7 8.Be2 O-O 
9.O-O Re8 10.Qc2 Na6 11.Re1 Bg4 12.Bf4 c4 13.Bxc4 Bxf3 14.gxf3 Nh5 15.Bg3 
Be5 16.Bxa6 bxa6 17.Ne2 Qf6 18.f4 Nxf4 19.Nxf4 Bxf4 20.Qe2 Bxg3 21.hxg3 
Rab8 22.b3 Rb4 23.Rac1 Rbxe4 24.Qxe4 Rxe4 25.Rxe4 Qf5 26.Rd4 h5 27.Kg2 Qe5
28.Rcc4 g5 29.Kf1 Kg7 30.Rd2 Kg6 31.Ra4 Qc3 32.Ke2 Qe5+ 33.Kd1 f6 34.Kc2 
Qf5+ 35.Kb2 Qf3 36.Rc4 Qh1 37.Ka3 Qe1 38.Rcd4 h4 39.gxh4 gxh4 40.f3 Qc1+ 
41.Ka4 Qf1 42.Rg4+ Kf5 43.Rh2 Qb5+ 44.Ka3 Qc5+ 45.Kb2 Qxd5 46.Rh3 Qd2+ 47.
Ka3 Qc1+ 48.Ka4 Qa1 49.Ka3 Qc1+ 50.Ka4 Qb2 51.Rhxh4 Qxa2+ 52.Kb4 Qd2+ 53.
Ka4 d5 54.Rd4 Qa2+ 55.Kb4 Ke5 56.Rd1 Qe2 57.f4+ Kd6 58.Rhh1 Qe4+ 59.Ka3 
Qxf4 60.Rh8 Qf3 61.Rd8+ Ke5 62.Re8+ Kd6 63.Rd8+ Ke6 64.Re1+ Kf5 65.Re7 Qd1
66.Red7 Qa1+ 67.Kb4 Qd4+ 68.Ka3 Qc5+ 69.b4 Qc3+ 70.Ka4 Qc6+ 71.Ka3 Ke4 72.
Rxa7 Kd3 73.Rh7 Qc1+ 74.Ka4 Qc6+ 75.Ka3 f5 76.Rh3+ Ke4 77.Rdh8 f4 78.R8h6 
Qc1+ 79.Ka4 d4 80.Re6+ Kd5 81.Rxa6 Qa1+ 82.Ra3 Qd1+ 83.Ka5 Qc1 84.Kb6 Qc6+
85.Ka5 Qc7+ 86.Kb5 Qd7+ 87.Kb6 Kc4 88.Ra1 d3 89.Rc1+ Kxb4 90.Raa1 Qd4+ 91.
Kc7 d2 92.Rab1+ Ka3 93.Rc6 d1=Q 0-1

[Event "16th Biel Festival"]
[Site "Biel SUI"]
[Date "1983.07.18"]
[Round "2"]
[White "Campora, Daniel Hugo"]
[Black "Meduna, Eduard"]
[Result "1/2-1/2"]
[WhiteElo "2485"]
[BlackElo "2465"]
[EventDate "1983.07.17"]
[PlyCount "62"]

1.e4 c6 2.d4 d5 3.Nd2 dxe4 4.Nxe4 Nd7 5.Bc4 Ngf6 6.Ng5 e6 7.Qe2 Nb6 8.Bb3 
h6 9.N5f3 c5 10.dxc5 Nbd7 11.Ne5 Nxe5 12.Qxe5 Nd7 13.Qe2 Nxc5 14.Bc4 a6 
15.Be3 Be7 16.Nf3 Qc7 17.a4 O-O 18.O-O Bd7 19.a5 Bc6 20.Nd4 Bd7 21.Nf3 Bc6
22.Bd4 Qf4 23.Qe5 Qg4 24.h3 Qg6 25.Qe2 Rfd8 26.c3 Rac8 27.Rfe1 Nd7 28.Bd3 
Qh5 29.Be4 Bxe4 30.Qxe4 Qb5 31.Qe2 Qxe2 1/2-1/2

[Event "16th Biel Festival"]
[Site "Biel SUI"]
[Date "1983.07.18"]
[Round "2"]
[White "Hebden, Mark"]
[Black "Gheorghiu, Florin"]
[Result "1/2-1/2"]
[WhiteElo "2495"]
[BlackElo "2475"]
[EventDate "1983.07.17"]
[PlyCount "25"]

1.e4 c5 2.Nc3 e6 3.f4 a6 4.Nf3 b5 5.d3 Bb7 6.Be2 d6 7.O-O Nc6 8.Qe1 Nf6 9.
Qg3 Nd4 10.Bd1 g6 11.Nxd4 cxd4 12.Ne2 Bg7 13.c3 1/2-1/2

[Event "16th Biel Festival"]
[Site "Biel SUI"]
[Date "1983.07.18"]
[Round "2"]
[White "Toth, Bela"]
[Black "Kindermann, Stefan"]
[Result "1-0"]
[WhiteElo "2400"]
[BlackElo "2500"]
[EventDate "1983.07.17"]
[PlyCount "57"]

1.d4 Nf6 2.c4 e6 3.Nc3 Bb4 4.Qc2 O-O 5.a3 Bxc3+ 6.Qxc3 b6 7.Nf3 Bb7 8.b4 
a5 9.Bb2 Ne4 10.Qb3 d6 11.e3 Nd7 12.Be2 Qe7 13.O-O f5 14.Rad1 Rf6 15.d5 
Rh6 16.dxe6 Qxe6 17.Nd4 Qf7 18.f3 Ng5 19.Bd3 Qh5 20.c5+ Kh8 21.c6 Qxh2+ 
22.Kf2 Rg6 23.Rd2 Bxc6 24.Ke1 axb4 25.Nxc6 Nc5 26.Qd5 Re8 27.Bxf5 Rxe3+ 
28.Kd1 bxa3 29.Ne7 1-0

[Event "16th Biel Festival"]
[Site "Biel SUI"]
[Date "1983.07.19"]
[Round "3"]
[White "Meduna, Eduard"]
[Black "Hebden, Mark"]
[Result "0-1"]
[WhiteElo "2465"]
[BlackElo "2495"]
[EventDate "1983.07.17"]
[PlyCount "88"]

1.d4 Nf6 2.c4 c5 3.d5 b5 4.Qc2 d6 5.e4 g6 6.Nf3 Bg7 7.Be2 O-O 8.O-O bxc4 
9.Nbd2 Nbd7 10.Nxc4 Nb6 11.Bg5 Bg4 12.Ne3 Bxf3 13.Bxf3 Ne8 14.Rad1 Nc7 15.
Be2 Qd7 16.b3 a5 17.a4 Na6 18.Bb5 Qc7 19.Kh1 Nb4 20.Qe2 Nd7 21.f4 Nf6 22.
Qf3 e6 23.f5 gxf5 24.Bxf6 Bxf6 25.exf5 exd5 26.Qh5 Kh8 27.Ng4 Qd8 28.Rf3 
Rg8 29.Nh6 Qe7 30.Nxf7+ Kg7 31.Nh6 Rgf8 32.Ng4 d4 33.Rh3 Kh8 34.Qg6 Ra7 
35.Rf1 Nd5 36.Bc4 Ne3 37.Re1 Nxg4 38.Rxe7 Nf2+ 39.Kg1 Nxh3+ 40.gxh3 Rxe7 
41.Qh5 d3 42.Kf1 d2 43.Be6 Bg5 44.Kg2 Be3 0-1

[Event "16th Biel Festival"]
[Site "Biel SUI"]
[Date "1983.07.19"]
[Round "3"]
[White "Wirthensohn, Heinz"]
[Black "Toth, Bela"]
[Result "1/2-1/2"]
[WhiteElo "2425"]
[BlackElo "2400"]
[EventDate "1983.07.17"]
[PlyCount "53"]

1.c4 e5 2.Nc3 Nf6 3.Nf3 Nc6 4.d3 d5 5.cxd5 Nxd5 6.g3 Be7 7.Bg2 Nb6 8.O-O 
O-O 9.a3 Be6 10.b4 f6 11.Be3 Qd7 12.Nd2 Rab8 13.Nb3 Rfd8 14.Rc1 Nd5 15.
Bxd5 Bxd5 16.b5 Nd4 17.Bxd4 exd4 18.Nxd5 Qxd5 19.a4 c5 20.bxc6 bxc6 21.Rc4
Rb4 22.Qc2 Rxc4 23.dxc4 d3 24.cxd5 dxc2 25.Rc1 Rb8 26.Nd2 cxd5 27.Rxc2 
1/2-1/2

[Event "16th Biel Festival"]
[Site "Biel SUI"]
[Date "1983.07.20"]
[Round "4"]
[White "Campora, Daniel Hugo"]
[Black "Wirthensohn, Heinz"]
[Result "1/2-1/2"]
[WhiteElo "2485"]
[BlackElo "2425"]
[EventDate "1983.07.17"]
[PlyCount "87"]

1.e4 c5 2.Nf3 Nc6 3.d4 cxd4 4.Nxd4 Qb6 5.Nb3 Nf6 6.Nc3 e6 7.Bd3 a6 8.O-O 
Be7 9.Be3 Qc7 10.f4 d6 11.a4 b6 12.Qf3 O-O 13.a5 bxa5 14.e5 dxe5 15.fxe5 
Nxe5 16.Qxa8 Neg4 17.Rf4 Nxe3 18.Qf3 Nf5 19.Rc4 Qb6+ 20.Qf2 Qb8 21.Nxa5 
Bd6 22.g3 Bd7 23.Nb3 Bb5 24.Nxb5 axb5 25.Rc6 Be5 26.c3 Qd8 27.Bxf5 exf5 
28.Qxf5 Qd5 29.Rc5 Qxb3 30.Rxe5 Qxb2 31.Rb1 Qxc3 32.Rexb5 g6 33.Qe5 Qxe5 
34.Rxe5 Kg7 35.Rb7 h5 36.Reb5 Rc8 37.Rb2 Ng4 38.Re2 Rc6 39.h3 Nh6 40.Ree7 
Rc3 41.Kf2 Rc2+ 42.Kf3 Rc3+ 43.Re3 Rc1 44.Ree7 1/2-1/2

[Event "16th Biel Festival"]
[Site "Biel SUI"]
[Date "1983.07.20"]
[Round "4"]
[White "Hebden, Mark"]
[Black "Kindermann, Stefan"]
[Result "0-1"]
[WhiteElo "2495"]
[BlackElo "2500"]
[EventDate "1983.07.17"]
[PlyCount "96"]

1.e4 c5 2.f4 d5 3.exd5 Qxd5 4.Nc3 Qd8 5.Nf3 Nf6 6.Ne5 g6 7.Bc4 e6 8.d3 
Nbd7 9.Qe2 Qe7 10.a4 Bg7 11.O-O O-O 12.a5 Ne8 13.Bd2 Nd6 14.Rae1 Nf5 15.
Nb5 a6 16.Na3 Nxe5 17.fxe5 Bd7 18.Nb1 Bc6 19.Nc3 Nd4 20.Qd1 Qc7 21.Rf6 
Bxf6 22.exf6 Qd8 23.Rf1 Nf5 24.Ne2 Qxf6 25.g4 Rfe8 26.gxf5 exf5 27.Ng3 Re7
28.Qg4 Re4 29.Nxe4 Qd4+ 30.Rf2 fxg4 31.Bxf7+ Kf8 32.Bc4+ Ke8 33.c3 Qe5 34.
Bf4 Qg7 35.Nxc5 Bf3 36.Rf1 Qe7 37.Ne6 Kd7 38.Re1 Re8 39.Re5 Kc8 40.Bg5 Qd7
41.d4 Qa4 42.Bf1 Qa1 43.c4 Qxb2 44.Bf6 Qa3 45.Bh4 Qd6 46.c5 Qc6 47.Bc4 Qa4
48.Bf1 Qa2 0-1

[Event "16th Biel Festival"]
[Site "Biel SUI"]
[Date "1983.07.20"]
[Round "4"]
[White "Nemet, Ivan"]
[Black "Meduna, Eduard"]
[Result "0-1"]
[WhiteElo "2395"]
[BlackElo "2465"]
[EventDate "1983.07.17"]
[PlyCount "82"]

1.d4 d5 2.Nf3 Nf6 3.c4 c6 4.Nc3 dxc4 5.e4 b5 6.e5 Nd5 7.Be2 e6 8.O-O Nxc3 
9.bxc3 Be7 10.Nd2 Bb7 11.a4 O-O 12.Bf3 a6 13.Ne4 Nd7 14.Ba3 c5 15.dxc5 Bd5
16.Qd4 Qc7 17.Nd6 Bxf3 18.gxf3 Qc6 19.f4 f6 20.Rae1 fxe5 21.fxe5 Bxd6 22.
exd6 Rf5 23.Re3 Nxc5 24.Rg3 g6 25.Re1 Rd8 26.axb5 axb5 27.Qh4 Rxd6 28.Qh6 
Rd7 29.Rg5 Rdf7 30.Rxf5 Rxf5 31.Qh4 Qd7 32.Bxc5 Rxc5 33.Qf6 Rc6 34.h4 Rd6 
35.h5 Qf7 36.Qh4 Rd5 37.h6 Qf5 38.Kf1 Qd3+ 39.Kg1 Qf5 40.Kf1 Qd3+ 41.Kg2 
Rh5 0-1

[Event "16th Biel Festival"]
[Site "Biel SUI"]
[Date "1983.07.22"]
[Round "5"]
[White "Gheorghiu, Florin"]
[Black "Gobet, Fernand"]
[Result "1-0"]
[WhiteElo "2475"]
[BlackElo "2415"]
[EventDate "1983.07.17"]
[PlyCount "193"]

1.Nf3 Nf6 2.c4 e6 3.g3 d5 4.Bg2 Be7 5.O-O O-O 6.d4 Nbd7 7.Qc2 c6 8.Rd1 b5 
9.c5 Ne4 10.a4 b4 11.Nbd2 f5 12.Ne1 Bf6 13.Nb3 a5 14.Nd3 Qe8 15.Bf4 Ba6 
16.f3 Ng5 17.Ne5 Nxe5 18.dxe5 Bd8 19.Bxg5 Bxg5 20.f4 Be7 21.Nd4 Qd7 22.b3 
Kh8 23.h4 g6 24.Kf2 Rae8 25.e3 Bd8 26.Rh1 Kg7 27.Bf3 h5 28.Rag1 Rh8 29.Rd1
Qc8 30.Ke1 Kf7 31.Kd2 Be7 32.Kc1 Rd8 33.Kb1 Rh7 34.Rhg1 Rh6 35.Be2 Bxe2 
36.Qxe2 Rhh8 37.Rc1 Qb7 38.Rc2 Rd7 39.Nb5 Kg7 40.Nd6 Qa8 41.e4 dxe4 42.Qc4
Qg8 43.Rd1 Ra7 44.Rcd2 Kh6 45.Rd4 Rh7 46.R1d2 Rg7 47.Kc2 Rh7 48.Kd1 Rg7 
49.Qc2 Ra8 50.Nb7 Qc8 51.Nd6 Qg8 52.Qc4 Ra7 53.Kc2 Rh7 54.Rd1 Rg7 55.R4d2 
Rh7 56.Qe2 Ra8 57.Rd4 Rg7 58.Qc4 Ra7 59.Kb1 Rh7 60.Qc1 Ra8 61.Qe3 Qf8 62.
Nxe4 Bxc5 63.Nxc5 Qxc5 64.Rc1 Qb6 65.Qd3 Re7 66.Rd6 Rc8 67.Qd4 Qxd4 68.
Rxd4 c5 69.Rd6 Kg7 70.Ra6 Rd7 71.Rxa5 Rd5 72.Rb5 Rd3 73.Kb2 Rxg3 74.Rbxc5 
Rxc5 75.Rxc5 g5 76.fxg5 Rg4 77.Rc4 Rxc4 78.bxc4 f4 79.c5 f3 80.c6 f2 81.c7
f1=Q 82.c8=Q Qf2+ 83.Kb3 Qg3+ 84.Kxb4 Qxh4+ 85.Kb5 Qxg5 86.Qd7+ Kf8 87.
Qd6+ Kf7 88.a5 Qf5 89.a6 Qb1+ 90.Kc6 Qa2 91.Kb7 Qb3+ 92.Qb6 Qd5+ 93.Qc6 
Qb3+ 94.Kc8 Qa2 95.Kb8 Kg6 96.a7 Qb2+ 97.Kc8 1-0

[Event "16th Biel Festival"]
[Site "Biel SUI"]
[Date "1983.07.22"]
[Round "5"]
[White "Kindermann, Stefan"]
[Black "Nemet, Ivan"]
[Result "1-0"]
[WhiteElo "2500"]
[BlackElo "2395"]
[EventDate "1983.07.17"]
[PlyCount "83"]

1.e4 c5 2.Nf3 d6 3.d4 cxd4 4.Nxd4 Nf6 5.Nc3 a6 6.Be2 e5 7.Nb3 Be7 8.O-O 
O-O 9.Be3 Be6 10.Qd2 Nbd7 11.a4 Rc8 12.f3 Nb6 13.a5 Nc4 14.Bxc4 Bxc4 15.
Rfd1 h6 16.Nc1 Qc7 17.Bb6 Qb8 18.N1a2 Be6 19.Nb4 Rc4 20.Na4 Nd7 21.Be3 f5 
22.b3 Rcc8 23.Nd5 Bd8 24.exf5 Bxf5 25.c4 Kh7 26.Nac3 Nc5 27.Bxc5 Rxc5 28.
Na4 Bxa5 29.b4 Rxd5 30.cxd5 Bd8 31.Nc3 Qc8 32.Qe1 a5 33.Ne4 axb4 34.Qxb4 
Bxe4 35.Qxe4+ Kh8 36.Qb4 e4 37.Rac1 Qd7 38.Qxe4 Re8 39.Qb4 Bg5 40.Rb1 b6 
41.f4 Bf6 42.Re1 1-0

[Event "16th Biel Festival"]
[Site "Biel SUI"]
[Date "1983.07.22"]
[Round "5"]
[White "Wirthensohn, Heinz"]
[Black "Hebden, Mark"]
[Result "1/2-1/2"]
[WhiteElo "2425"]
[BlackElo "2495"]
[EventDate "1983.07.17"]
[PlyCount "70"]

1.c4 e5 2.Nc3 Nc6 3.g3 d6 4.e3 Nge7 5.Bg2 Be6 6.Nd5 Qd7 7.Qa4 a6 8.Ne2 Rb8
9.Nec3 b5 10.Qxa6 Nxd5 11.Nxd5 Bxd5 12.cxd5 Nb4 13.Qa7 Qc8 14.Bh3 Ra8 15.
Bxc8 Rxa7 16.Ke2 Be7 17.d3 Nxd5 18.Bd2 c5 19.Bh3 Nb6 20.b4 c4 21.dxc4 Nxc4
22.Bg2 O-O 23.Bc3 Rc8 24.Rhc1 Nb6 25.a3 Kf8 26.Bb2 Rac7 27.Rxc7 Rxc7 28.
Rc1 Rxc1 29.Bxc1 d5 30.e4 d4 31.f4 f6 32.Bh3 Bd6 33.Be6 Ke7 34.Bg8 h6 35.
f5 Bc7 1/2-1/2

[Event "16th Biel Festival"]
[Site "Biel SUI"]
[Date "1983.07.23"]
[Round "6"]
[White "Nemet, Ivan"]
[Black "Wirthensohn, Heinz"]
[Result "1/2-1/2"]
[WhiteElo "2395"]
[BlackElo "2425"]
[EventDate "1983.07.17"]
[PlyCount "41"]

1.d4 Nf6 2.Nf3 d5 3.c4 e6 4.Nc3 Bb4 5.Bg5 Nbd7 6.e3 c5 7.cxd5 exd5 8.Bd3 
c4 9.Bxf6 Bxc3+ 10.bxc3 Nxf6 11.Bc2 Qa5 12.Qd2 O-O 13.O-O Qc7 14.Ne1 Re8 
15.f3 Qe7 16.Kf2 Bd7 17.Rg1 Qd6 18.g3 b5 19.a4 a6 20.Ng2 Bc6 21.Rge1 
1/2-1/2

[Event "16th Biel Festival"]
[Site "Biel SUI"]
[Date "1983.07.24"]
[Round "7"]
[White "Kindermann, Stefan"]
[Black "Gheorghiu, Florin"]
[Result "1/2-1/2"]
[WhiteElo "2500"]
[BlackElo "2475"]
[EventDate "1983.07.17"]
[PlyCount "23"]

1.e4 c5 2.Nf3 e6 3.d3 Nc6 4.g3 g6 5.Bg2 Bg7 6.O-O Nge7 7.c3 e5 8.Be3 d6 9.
Qd2 O-O 10.Na3 f5 11.Rab1 Kh8 12.b4 1/2-1/2

[Event "16th Biel Festival"]
[Site "Biel SUI"]
[Date "1983.07.24"]
[Round "7"]
[White "Meduna, Eduard"]
[Black "Gobet, Fernand"]
[Result "0-1"]
[WhiteElo "2465"]
[BlackElo "2415"]
[EventDate "1983.07.17"]
[PlyCount "80"]

1.d4 Nf6 2.c4 e6 3.Nf3 c5 4.d5 exd5 5.cxd5 d6 6.Nc3 g6 7.Bf4 Bg7 8.Qa4+ 
Bd7 9.Qb3 Qc7 10.e4 O-O 11.Be2 a6 12.a4 Bg4 13.O-O Nbd7 14.h3 Bxf3 15.Bxf3
Rfe8 16.a5 Rab8 17.Qc2 b5 18.axb6 Rxb6 19.Ra2 c4 20.Be3 Rb4 21.Rxa6 Ne5 
22.Be2 Reb8 23.Ra2 Nfd7 24.Na4 Rb3 25.Rc1 Rc8 26.Kh1 Qb7 27.Qd2 Nf6 28.Nc3
Rb8 29.f4 Nd3 30.Bxd3 cxd3 31.Qxd3 Re8 32.Qc2 Nxe4 33.Nxe4 Rxe3 34.Nxd6 
Qxd5 35.Nxe8 Rxh3+ 36.Kg1 Bd4+ 37.Kf1 Rh1+ 38.Ke2 Qe6+ 39.Kf3 Qe3+ 40.Kg4 
f5+ 0-1

[Event "16th Biel Festival"]
[Site "Biel SUI"]
[Date "1983.07.25"]
[Round "8"]
[White "Gobet, Fernand"]
[Black "Campora, Daniel Hugo"]
[Result "1-0"]
[WhiteElo "2415"]
[BlackElo "2485"]
[EventDate "1983.07.17"]
[PlyCount "51"]

1.e4 c6 2.d4 d5 3.exd5 cxd5 4.c4 Nf6 5.Nc3 g6 6.cxd5 Bg7 7.Bc4 O-O 8.Nge2 
Nbd7 9.Nf4 Nb6 10.Bb3 Bf5 11.O-O Be4 12.Nxe4 Nxe4 13.Qd3 Nf6 14.Re1 Qd6 
15.Bd2 Rfe8 16.Qf3 a5 17.a4 Red8 18.Ne6 Nfxd5 19.Nxd8 Qxd8 20.Bg5 f6 21.
Bh4 Qd7 22.Rac1 e6 23.Bg3 Kf7 24.Bc7 Bh6 25.Bxb6 Bxc1 26.Bxd5 1-0

[Event "16th Biel Festival"]
[Site "Biel SUI"]
[Date "1983.07.25"]
[Round "8"]
[White "Meduna, Eduard"]
[Black "Kindermann, Stefan"]
[Result "1-0"]
[WhiteElo "2465"]
[BlackElo "2500"]
[EventDate "1983.07.17"]
[PlyCount "73"]

1.d4 Nf6 2.c4 e6 3.Nf3 c5 4.d5 exd5 5.cxd5 d6 6.Nc3 g6 7.Bf4 a6 8.a4 Bg7 
9.e4 Bg4 10.Be2 O-O 11.O-O Re8 12.Qc2 Qc7 13.a5 Nbd7 14.h3 Bxf3 15.Bxf3 
Re7 16.Ra4 c4 17.Be2 b5 18.axb6 Nxb6 19.Ra3 Nfd7 20.Rfa1 Rae8 21.Rxa6 Bxc3
22.Qxc3 Rxe4 23.Bh6 Ne5 24.Qc2 Ned7 25.Bf1 f6 26.Bd2 Nxd5 27.Ra8 Re7 28.
Bxc4 Nb6 29.Bxd5+ Nxd5 30.Qb3 Qc6 31.Rxe8+ Rxe8 32.Ra5 Re5 33.f4 Rh5 34.g4
Rxh3 35.Qxh3 Qb6+ 36.Kh1 Qd4 37.Qf3 1-0

[Event "16th Biel Festival"]
[Site "Biel SUI"]
[Date "1983.07.28"]
[Round "10"]
[White "Gobet, Fernand"]
[Black "Hebden, Mark"]
[Result "0-1"]
[WhiteElo "2415"]
[BlackElo "2495"]
[EventDate "1983.07.17"]
[PlyCount "130"]

1.e4 e5 2.Nf3 Nc6 3.Bb5 a6 4.Bxc6 dxc6 5.O-O Bd6 6.d4 exd4 7.Qxd4 f6 8.b3 
Qe7 9.Bb2 Nh6 10.Nbd2 O-O 11.Rae1 Be6 12.h3 Rae8 13.Qd3 Bf4 14.Nc4 Qf7 15.
Nd4 Rd8 16.Qe2 Bxc4 17.bxc4 Be5 18.c3 c5 19.Nf3 Qe6 20.Nxe5 fxe5 21.Bc1 
Nf7 22.f4 exf4 23.Bxf4 Nd6 24.Bxd6 cxd6 25.Rxf8+ Rxf8 26.Rb1 Rf7 27.Rb6 h6
28.Qd3 Rd7 29.Qd5 Qxd5 30.exd5 Kf7 31.Kf2 Ke8 32.Kf3 Kd8 33.Rb2 Kc7 34.Kg4
Re7 35.Kf5 Re3 36.Rc2 b5 37.cxb5 axb5 38.Kg6 Rg3+ 39.Kf7 h5 40.Ke6 h4 41.
a3 Re3+ 42.Kf7 g5 43.Kf6 Re5 44.a4 bxa4 45.c4 Re4 46.Kxg5 Kb6 47.Kf5 Re8 
48.Kg5 Re4 49.Kf5 Rd4 50.Ke6 Kc7 51.Rc3 Rf4 52.Ke7 Re4+ 53.Kf6 Kb6 54.Kf5 
Re8 55.g4 hxg3 56.Rxg3 Ka5 57.h4 Kb4 58.Rg6 a3 59.Rxd6 Ra8 60.Rb6+ Kxc4 
61.Rb1 a2 62.Rd1 a1=Q 63.Rxa1 Rxa1 64.d6 Rd1 65.Ke6 Kb5 0-1

[Event "16th Biel Festival"]
[Site "Biel SUI"]
[Date "1983.07.28"]
[Round "10"]
[White "Nemet, Ivan"]
[Black "Campora, Daniel Hugo"]
[Result "1-0"]
[WhiteElo "2395"]
[BlackElo "2485"]
[EventDate "1983.07.17"]
[PlyCount "77"]

1.d4 Nf6 2.c4 e6 3.Nf3 d5 4.Nc3 c6 5.Bg5 h6 6.Bxf6 Qxf6 7.e3 Qd8 8.Bd3 Nd7
9.O-O Be7 10.Qe2 O-O 11.Rfd1 f5 12.Rac1 Bd6 13.Qc2 Qf6 14.Ne2 g5 15.Qc3 
Rf7 16.b4 a6 17.a4 g4 18.Ne1 h5 19.b5 dxc4 20.Bxc4 cxb5 21.axb5 a5 22.Nd3 
Nb6 23.Ba2 Nd7 24.Nef4 Nf8 25.Ne5 Rh7 26.Qxc8 Rxc8 27.Rxc8 Rc7 28.Re8 Kh7 
29.b6 Rc2 30.Bxe6 Nxe6 31.Rxe6 Qd8 32.Nf7 Qc8 33.Ng5+ Kg8 34.Rg6+ Kf8 35.
Nfe6+ Ke7 36.Rg7+ Kf6 37.e4 fxe4 38.d5 Qc4 39.Nh7+ 1-0

[Event "16th Biel Festival"]
[Site "Biel SUI"]
[Date "1983.07.29"]
[Round "11"]
[White "Hebden, Mark"]
[Black "Nemet, Ivan"]
[Result "1/2-1/2"]
[WhiteElo "2495"]
[BlackElo "2395"]
[EventDate "1983.07.17"]
[PlyCount "40"]

1.e4 c5 2.f4 Nc6 3.Nf3 e6 4.Nc3 Nf6 5.Bb5 Nd4 6.e5 Nxb5 7.Nxb5 Nd5 8.c4 
Nb4 9.d4 a6 10.Nd6+ Bxd6 11.exd6 cxd4 12.a3 Nc6 13.O-O b5 14.c5 Bb7 15.Qd3
Qf6 16.Bd2 O-O 17.Rae1 Qg6 18.Qxg6 fxg6 19.Ne5 Nxe5 20.fxe5 Rf5 1/2-1/2

[Event "16th Biel Festival"]
[Site "Biel SUI"]
[Date "1983.07.29"]
[Round "11"]
[White "Toth, Bela"]
[Black "Gheorghiu, Florin"]
[Result "0-1"]
[WhiteElo "2400"]
[BlackElo "2475"]
[EventDate "1983.07.17"]
[PlyCount "82"]

1.d4 Nf6 2.c4 c5 3.d5 d6 4.Nc3 g6 5.e4 Bg7 6.f3 O-O 7.Bg5 e6 8.Qd2 exd5 9.
cxd5 a6 10.a4 Re8 11.Nge2 b6 12.Ng3 Nbd7 13.Be2 Qc7 14.O-O c4 15.Rfc1 Qc5+
16.Kh1 Ne5 17.Be3 Qb4 18.Nb1 a5 19.Qxb4 axb4 20.Bd2 Nfd7 21.Bxc4 Nc5 22.
Bb5 Bd7 23.Bxd7 Nexd7 24.Rc4 Nd3 25.Bxb4 b5 26.Rc7 Nxb4 27.Nc3 Nc5 28.Nxb5
Red8 29.Nc3 Nbd3 30.Nge2 Nxb2 31.Ra2 Rdb8 32.g3 Rb3 33.Nb5 Rxb5 34.axb5 
Rxa2 35.b6 Nc4 36.Rc8+ Bf8 37.Nd4 Nxb6 38.Rc6 Nbd7 39.Nb5 Ne5 40.Rc8 Nxf3 
41.Rxf8+ Kxf8 0-1

[Event "16th Biel Festival"]
[Site "Biel SUI"]
[Date "1983.07.29"]
[Round "11"]
[White "Wirthensohn, Heinz"]
[Black "Gobet, Fernand"]
[Result "1/2-1/2"]
[WhiteElo "2425"]
[BlackElo "2415"]
[EventDate "1983.07.17"]
[PlyCount "89"]

1.Nf3 Nf6 2.c4 e6 3.d4 c5 4.e3 d5 5.cxd5 exd5 6.Nc3 Nc6 7.Be2 Be7 8.dxc5 
Bxc5 9.O-O O-O 10.b3 a6 11.Bb2 Qd6 12.Na4 Ba7 13.Nd4 Bd7 14.Nxc6 Bxc6 15.
Bf3 b5 16.Nc3 Rad8 17.Ne2 Rfe8 18.Rc1 Ne4 19.Nd4 Bd7 20.Bg4 Bb8 21.g3 Qg6 
22.Bxd7 Rxd7 23.Rc6 f6 24.Qc2 Qh5 25.Rxa6 Be5 26.f4 Rc7 27.Rc6 Bxd4 28.
Bxd4 Rxc6 29.Qxc6 Nd2 30.Rf2 Ne4 31.Re2 h6 32.Qxb5 Rc8 33.Kg2 Rc1 34.Qd3 
Kh8 35.Rc2 Rb1 36.Qe2 Qg6 37.g4 h5 38.h3 Kh7 39.f5 Qg5 40.Kh2 Qh4 41.Qg2 
Ng3 42.Qxg3 Rh1+ 43.Kg2 Rg1+ 44.Kxg1 Qxg3+ 45.Rg2 1/2-1/2